| 000 | 00683nam a2200217 a 4500 | ||
|---|---|---|---|
| 005 | 20240501063656.0 | ||
| 008 | 140619s2006 ea r 000 0 spa d | ||
| 020 | _a9780766417670(13 dígitos) | ||
| 020 | _a0766417670(10 dígitos) | ||
| 035 | _aUPN01000198109 | ||
| 049 | _aI | ||
| 050 | 4 |
_aPZ71 _bO7.5 |
|
| 100 | 1 |
_aOrtega Rodríguez, Miguel _935833 |
|
| 245 | 1 | 1 |
_a¿De qué otra forma lo demostramos? / _cMiguel Ortega Rodríguez. |
| 260 |
_aWaterbury, E.U.A. : _bAbrams & Company, _cc2006. |
||
| 300 |
_a14 p. : _bil. col. |
||
| 650 | 4 |
_aLibros y lectura para niños _92290 |
|
| 650 | 4 |
_aMascotas _vLiteratura infantil _921679 |
|
| 905 | _aInfantil | ||
| 999 |
_c170210 _d170210 |
||